000 00229nam a22001097a 4500
082 _a621.3CAT
100 _aCathy
245 _aBasic electrical engineering
260 _aLondon
_bMcGraw Hill
_c1987
300 _a298
942 _cBK
999 _c14629
_d14629